| 000 | 00806nam a22003137a 4500 | ||
|---|---|---|---|
| 003 | OSt | ||
| 005 | 20140401084433.0 | ||
| 008 | 140401b xxu||||| |||| 00| 0 eng d | ||
| 020 | _a0590999303 | ||
| 050 |
_aLB 1049.9 _b.Sh542s58 1997 |
||
| 100 | _aShefelbine, John L. | ||
| 245 |
_aDonkey and Monkey / _cJohn Shefelbine ; illustrated by Sheila Lucas. |
||
| 260 |
_aNew York : _bScholastic, _cc1997. |
||
| 300 |
_a16 p. : _bcol. ill. ; _c14 cm. |
||
| 440 |
_aScholastic phonics readers _n#58 |
||
| 521 | _aG1 | ||
| 526 | _c200 | ||
| 650 | _aReaders (Primary) | ||
| 650 |
_aReading _vPhonetic method. |
||
| 942 |
_2lcc _cBK |
||
| 999 |
_c48888 _d48888 |
||